Bachelor of arts : (Record no. 5219)

MARC details
000 -LEADER
fixed length control field 00555cam a2200145 4500
001 - CONTROL NUMBER
control field 6177
005 - DATE AND TIME OF LATEST TRANSACTION
control field 20181127181112.0
008 - FIXED-LENGTH DATA ELEMENTS--GENERAL INFORMATION
fixed length control field 110509s2010 xna b 000 0 eng d
010 ## - LIBRARY OF CONGRESS CONTROL NUMBER
LC control number 2011381660
245 14 - TITLE STATEMENT
Title Bachelor of arts :
Remainder of title Environmental studies PS 352 : Population and development /
Statement of responsibility, etc. Compiled by G.P Sharma.
260 ## - PUBLICATION, DISTRIBUTION, ETC.
Place of publication, distribution, etc. [Thimphu] :
Name of publisher, distributor, etc. Royal Thimphu College,
Date of publication, distribution, etc. 2017.
500 ## - GENERAL NOTE
General note Xerographic copy in a binder.
520 ## - SUMMARY, ETC.
Summary, etc. Bachelor of arts : Environmental studies PS352 : Population and development coursepack.
650 #0 - SUBJECT ADDED ENTRY--TOPICAL TERM
Topical term or geographic name entry element Environmental Studies.
General subdivision
Form subdivision
Holdings
Withdrawn status Lost status Source of classification or shelving scheme Damaged status Not for loan Collection code Home library Current library Shelving location Date acquired Serial Enumeration / chronology Inventory number Total Checkouts Full call number Barcode Date last seen Price effective from Koha item type
    Dewey Decimal Classification     Fac res RTC Library RTC Library Faculty reserve 23/12/2021 9856   304.6 SHA 30010064 28/02/2022 27/11/2018 Faculty Reserve
Royal Thimphu College || All Right Reserved